Aplikace TQM na výrobní proces firmy Mesit a Röders, v.o.s. diplomová práce

Saved in:
Bibliographic Details
Main Author Hrabcová, Adéla (Dissertant)
Other Authors Briš, Petr, 1955- (Thesis advisor)
Format Manuscript Book
LanguageCzech
Published 2004
Subjects
Physical Description78 l., [4] l. příl. : il.

Cover

LEADER 00000ntm a22000007a 4500
001 1459
003 CZ-ZlUTB
005 20240830152240.0
008 041112s2004^ xr ||||| ||||| |||||cze|d
040 |a ZLD002  |b cze  |c ZLD002 
100 1 |a Hrabcová, Adéla  |4 dis 
245 1 0 |a Aplikace TQM na výrobní proces firmy Mesit a Röders, v.o.s.  |h [rukopis] :  |b diplomová práce /  |c Adéla Hrabcová ; [vedoucí diplomové práce Petr Briš] 
260 |c 2004 
300 |a 78 l., [4] l. příl. :  |b il. 
655 7 |a diplomové práce  |7 fd132022  |2 czenas 
700 1 |a Briš, Petr,  |d 1955-  |7 xx0008003  |4 ths 
710 2 |a Univerzita Tomáše Bati ve Zlíně.  |b Ústav managementu výroby - průmyslového inženýrství  |7 kn20040429011  |4 dgg 
952 |0 0  |1 0  |4 0  |6 D2004HRABCOVÁA  |7 1  |8 MANUS  |9 1979  |a UTBZL  |b UTBZL  |c 001  |d 2006-07-29  |l 0  |o D2004/HRABCOVÁ,A.  |p 420010088057  |r 2019-08-25 00:00:00  |w 2019-08-25  |x 20100831  |y 10 
992 |a DS 
999 |c 1459  |d 1459 
993 |x NEPOSILAT  |y VSKP